Working class consumer price index numbers in India: a monograph (Record no. 496898)

000 -LEADER
fixed length control field 00432cam a22001097a 4500
008 - FIXED-LENGTH DATA ELEMENTS--GENERAL INFORMATION
fixed length control field 180718b1972 xxu||||| |||| 00| 0 eng d
082 ## - DEWEY DECIMAL CLASSIFICATION NUMBER
Classification number T123x54 In2
245 ## - TITLE STATEMENT
Title Working class consumer price index numbers in India: a monograph
Statement of responsibility, etc. by Labour Bureau, Ministry of Labour and Rehabilitation
260 ## - PUBLICATION, DISTRIBUTION, ETC.
Place of publication, distribution, etc. Simla
Name of publisher, distributor, etc. Government of India
Date of publication, distribution, etc. 1972
300 ## - PHYSICAL DESCRIPTION
Extent 464p
700 ## - ADDED ENTRY--PERSONAL NAME
Personal name Himachal Pradesh. Ministry of Labour and Rehabilitation, Labour Bureau
Holdings
Withdrawn status Lost status Damaged status Not for loan Permanent Location Current Location Date acquired Full call number Barcode Date last seen Price effective from Koha item type
        Indian Institute of Public Administration Indian Institute of Public Administration 2018-08-04 T123x54 In2 GG13723 2018-08-04 2018-08-04 GG

Powered by Koha